ბათუმის შოთა რუსთაველის სახელმწიფო უნივერსიტეტის ბიბლიოთეკა

თანამედროვე ზოგადი ენათმეცნიერების საკითხები. კრ. 5 (ბიბ.ჩანაწერი № 51066)

000 -LEADER
fixed length control field 00989nam a2200229Ia 4500
001 - CONTROL NUMBER
control field 18023
003 - CONTROL NUMBER IDENTIFIER
control field GE_BSU
008 - FIXED-LENGTH DATA ELEMENTS--GENERAL INFORMATION
fixed length control field 181216s||||||||xx |||||||||||||| ||und||
040 ## - CATALOGING SOURCE
Transcribing agency GE_BSU
080 ## - UNIVERSAL DECIMAL CLASSIFICATION NUMBER
Universal Decimal Classification number 81'1
245 ## - TITLE STATEMENT
Title თანამედროვე ზოგადი ენათმეცნიერების საკითხები. კრ. 5
245 ## - TITLE STATEMENT
Remainder of title სტატიების კრებული
245 ## - TITLE STATEMENT
Statement of responsibility, etc. რედ. თ.შარაძენიძე
250 ## - EDITION STATEMENT
Edition statement საქ. სსრ მეცნ. აკად. ენთმეცნიერების ინსტიტუტი
260 ## - PUBLICATION, DISTRIBUTION, ETC.
Place of publication, distribution, etc. თბილისი
260 ## - PUBLICATION, DISTRIBUTION, ETC.
Name of publisher, distributor, etc. მეცნიერება
260 ## - PUBLICATION, DISTRIBUTION, ETC.
Date of publication, distribution, etc. 1980
300 ## - PHYSICAL DESCRIPTION
Extent 130გვ.26სმ.
653 ## - INDEX TERM--UNCONTROLLED
Uncontrolled term ზოგადი ენათმეცნიერება
653 ## - INDEX TERM--UNCONTROLLED
Uncontrolled term თანამედროვე ზოგადი ენათმეცნიერების საკითხები
942 ## - ADDED ENTRY ELEMENTS (KOHA)
Koha item type წიგნი
ეგზემპლარები
Withdrawn status Lost status Damaged status Not for loan Date acquired Barcode Date last seen Price effective from Koha item type
        2018-12-17 45958 2018-12-17 2018-12-17 წიგნი